| 000 | 00609nam a2200181 i 4500 | ||
|---|---|---|---|
| 001 | 79594 | ||
| 003 | ES-MaACL | ||
| 005 | 20230906174019.0 | ||
| 007 | t| | ||
| 008 | 041022s1950 sp |||| | spa d | ||
| 100 | 1 |
_aHerrera, César A. _963184 |
|
| 245 | 1 | 3 |
_aLa batalla de "Las Carreras" _b: sus antecedentes históricos y consecuencias trascendentales / _cCésar A. Herrera. |
| 250 | _a2ª ed. | ||
| 260 |
_aCiudad Trujillo (República Dominicana) : _b[s.n.], _c1950 ( _fImp. Dominicana) |
||
| 300 |
_a107 p. ; _c24 cm. |
||
| 650 | 4 |
_aLas Carreras, Batalla de, 1849. _9169319 |
|
| 852 |
_aES-MaACL _jC-23964 |
||
| 999 |
_c79594 _d79594 |
||